| 000 | 01139nam a22002057a 4500 | ||
|---|---|---|---|
| 999 |
_c59201 _d59201 |
||
| 003 | Ge_BSU | ||
| 005 | 20221213142357.0 | ||
| 008 | 221213s1970ge xxu||||| |||| 00| 0 geo d | ||
| 041 | _ageo | ||
| 080 | _a634(479.22) ს-32 | ||
| 245 |
_aსაქართველოს მეხილეობა. _bტ. 2 / _cმთ. რედ. პროფ. ნ. ხომიზურაშვილი |
||
| 264 |
_aთბილისი : _bმეცნიერება, _c1970. |
||
| 300 |
_a755 გვ. : _bილ., 10 ჩართ. ფ. ილ. |
||
| 504 | _aბიბლიოგრაფია ზოგიერთი სტატიის შემდეგ. | ||
| 520 | _aრეზუმე რუს. და ინგლ. ენ. ყოველი სტატიის ბოლოს. | ||
| 546 | _aპარალელური სათაური რუსულ და ინგლისურ ენაზე | ||
| 653 | _aსაქართველოს მეხილეობა. | ||
| 700 |
_aხომიზურაშვილი, ნ _eმთავარი რედაქტორი _916387 |
||
| 942 |
_2udc _cBK |
||